00510 a2200157 4500010001400000020002300014035001300037037001500050082001200065100001700077245008400094260003900178270005500217300003000272500005000302 aENG-86566 a8170354536c250.00 aEN-70099 bDBAD / PUB a615.532 aRanjan, S.K. aHomoeopathic materia medica :cby S.K. Ranjanbwith multiple choice questions / aDelhibDaya Publishing Housec2007 a1123/74, Deva Ram Park, Tri Nagar,bDelhie110 035 axviii, 370pc24cm. (pbk) aIncludes bibliographical references and index